000 00542nam a2200181 4500
001 138833
003 ES-MaACL
007 t|
008 070214s1983 sp r ||||1| spa d
100 1 _aSaña, Heleno,
_d1930-
_9103701
245 1 3 _aLa filosofía de Hegel /
_cHeleno Saña.
260 _aMadrid :
_bGredos,
_c1983.
300 _a129 p. ;
_c19 cm.
490 1 _aBiblioteca hispánica de filosofía
830 0 _aBiblioteca hispánica de filosofía
_9181000
852 _aES-MaACL
_jL-5012
_bR.105598
999 _c138833
_d138833